000 00754nam a2200193 i 4500
001 84844
003 ES-MaACL
007 t|
008 041124s1984 sp ||||1| spa d
111 2 _aJornadas sobre Excavaciones Arqueológicas en Itálica (
_n1ª.
_d1980.
_cSevilla)
_9867
245 1 0 _aActas de las Primeras Jornadas sobre Excavaciones Arqueológicas
_b: septiembre 1980.
260 _a[Madrid] :
_bDirección General de Bellas Artes y Archivos,
_c1982.
300 _a319 p., 6 lám. :
_bil. ;
_c29 cm.
490 1 _aExcavaciones arqueológicas en España
500 _aPrecede al tít.: Itálica (Santiponce, Sevilla)
830 0 _aExcavaciones arqueológicas en España
_9177264
852 _aES-MaACL
_jL-4519
_bR.105393
999 _c84844
_d84844